Buranjiye Katha Koy (Record no. 4954)

MARC details
000 -LEADER
fixed length control field 00500cam a2200205ua 4500
001 - CONTROL NUMBER
control field 5804
005 - DATE AND TIME OF LATEST TRANSACTION
control field 20260515113934.0
008 - FIXED-LENGTH DATA ELEMENTS--GENERAL INFORMATION
fixed length control field 131028n ii |||gr||||Z||||||asm
040 ## - CATALOGING SOURCE
Transcribing agency MAIN
082 ## - DEWEY DECIMAL CLASSIFICATION NUMBER
Classification number 954.162
100 ## - MAIN ENTRY--PERSONAL NAME
Personal name Gogoi,Lila,
Relator term Author.
245 ## - TITLE STATEMENT
Title Buranjiye Katha Koy
Statement of responsibility, etc. by Lila Gogoi
250 ## - EDITION STATEMENT
Edition statement 1st ed.
260 ## - PUBLICATION, DISTRIBUTION, ETC.
Place of publication, distribution, etc. Dibrugarh:
Name of publisher, distributor, etc. Students Emporium,
Date of publication, distribution, etc. 1991.
300 ## - PHYSICAL DESCRIPTION
Extent 234p.
653 ## - INDEX TERM--UNCONTROLLED
Uncontrolled term South Asia India
653 ## - INDEX TERM--UNCONTROLLED
Uncontrolled term Buranjiye Katha Koy
653 ## - INDEX TERM--UNCONTROLLED
Uncontrolled term Asom buranji
942 ## - ADDED ENTRY ELEMENTS (KOHA)
Koha item type Books
Holdings
Withdrawn status Lost status Damaged status Not for loan Home library Current library Shelving location Date acquired Total checkouts Full call number Barcode Date last seen Copy number Price effective from Koha item type
        Naharkatiya College Library Naharkatiya College Library General stacks 09/19/2020   954.162 | GOG 10227 09/19/2020 1 09/19/2020 Books